Quizzes
Events
Quiz Creation
Community
Videos
Private Events
Remove Ads
Sign In
Join for FREE
Feedback
Dark Mode
Quiz Categories
Sports
Geography
Music
Movies
Television
Just For Fun
Miscellaneous
History
Literature
Language
Science
Gaming
Entertainment
Religion
Holiday
For Kids
Quiz Lab
Recent
Popular Today
Quiz Kudos Today
Editor Picks
Curator Picks
Quizzes by...
Day
Popularity
Type
Ratings
Length
Year
Community
Subscriptions
Recent Discussions
Orange Saloon
Badges
Playlists
Quests
Create
Leaderboards
Showdown
Live 5
Trivia Bingo
Activity
Puzzle Library
Sporcle Events
Private Events
Virtual Trivia
Globe League
Become a Host
Pub Owners
SporcleCon
Opinionation
Our Games
Videos
Blog
Mobile Apps
Partnerships
Remove Ads and Go Orange
Feedback
Sports
Athletes
MLB
NBA
NHL
NFL
Soccer
Sports Teams
WWE
NCAA
Football
Premier League
Basketball
Baseball
Hockey
Golf
Tennis
Cricket
Rugby
Auto Racing
Olympics
World Cup
Sports
Athletes
MLB
NBA
NHL
NFL
Soccer
Sports Teams
WWE
NCAA
Football
Premier League
Basketball
Baseball
Hockey
Golf
Tennis
Cricket
Rugby
Auto Racing
Olympics
World Cup
Random Quiz
Search Sporcle
×
Quiz Lab
Quiz Lab
Sports
first
Type in answers that appear in a list
Type in answers that appear in a list
Classic
Best Score? Go Orange.
BYOM First Round Draft Picks Stats
Can you name the BYOM First Round Draft Picks?
By
jkalny29
10m
124 Questions
13 Plays
13 Plays
13 Plays
Comments
Comments
Give Quiz Kudos
Give Quiz Kudos
-
- Ratings
hide this ad
More Info
Replay
Link that replays current quiz
Next Quiz
Link to next quiz in quiz playlist
You Got
0%
They Got
Avg Score
54%
Avg Friend Score
Upgrade to see
Score Distribution
Jump to the score distribution portion of the page
Score
0/124
Timer
10:00
0
Plays Today
Year
Player
% Correct
2008
Adrian Peterson
84.6%
2009
Adrian Peterson
84.6%
2010
Adrian Peterson
84.6%
2003
Priest Holmes
76.9%
2003
Peyton Manning
76.9%
2004
Priest Holmes
76.9%
2004
Peyton Manning
76.9%
2005*
Peyton Manning
76.9%
2005*
Tom Brady
76.9%
2006
Peyton Manning
76.9%
2007
Peyton Manning
76.9%
2008
Tom Brady
76.9%
2008
Peyton Manning
76.9%
2009
Drew Brees
76.9%
2009
Tom Brady
76.9%
2009
Peyton Manning
76.9%
2010
Drew Brees
76.9%
2010
Peyton Manning
76.9%
2002
Ricky Williams
69.2%
2002
Terrell Owens
69.2%
2002
Shaun Alexander
69.2%
2003
Ricky Williams
69.2%
2003
Michael Vick
69.2%
2003
Clinton Portis
69.2%
2003
LaDainian Tomlinson
69.2%
2003
Terrell Owens
69.2%
2003
Shaun Alexander
69.2%
2004
LaDainian Tomlinson
69.2%
2004
Clinton Portis
69.2%
2004
Michael Vick
69.2%
2004
Shaun Alexander
69.2%
2005*
LaDainian Tomlinson
69.2%
2005*
Randy Moss
69.2%
2005*
Terrell Owens
69.2%
2005*
Clinton Portis
69.2%
2005*
Shaun Alexander
69.2%
2006
Shaun Alexander
69.2%
2006
LaDainian Tomlinson
69.2%
2006
Clinton Portis
69.2%
2007
LaDainian Tomlinson
69.2%
2007
Frank Gore
69.2%
2008
LaDainian Tomlinson
69.2%
Year
Player
% Correct
2008
Randy Moss
69.2%
2008
Clinton Portis
69.2%
2008
Frank Gore
69.2%
2008
Terrell Owens
69.2%
2009
LaDainian Tomlinson
69.2%
2009
Frank Gore
69.2%
2009
Randy Moss
69.2%
2010
Frank Gore
69.2%
2010
Randy Moss
69.2%
2002
Donovan McNabb
61.5%
2002
Marshall Faulk
61.5%
2003
Marshall Faulk
61.5%
2003
Donovan McNabb
61.5%
2005*
Donovan McNabb
61.5%
2009
Chris Johnson
61.5%
2010
Chris Johnson
61.5%
2002
Brian Urlacher
53.8%
2002
Kurt Warner
53.8%
2004
Curtis Martin
53.8%
2005*
Larry Fitzgerald
53.8%
2006
Larry Johnson
53.8%
2006
Steven Jackson
53.8%
2006
Brian Westbrook
53.8%
2007
Steven Jackson
53.8%
2007
Larry Johnson
53.8%
2007
Brian Westbrook
53.8%
2008
Brian Westbrook
53.8%
2008
Steven Jackson
53.8%
2008
Tony Romo
53.8%
2008
Larry Johnson
53.8%
2009
Larry Fitzgerald
53.8%
2009
Andre Johnson
53.8%
2009
Brian Westbrook
53.8%
2009
Steven Jackson
53.8%
2009
Tony Romo
53.8%
2010
Michael Turner
53.8%
2010
Andre Johnson
53.8%
2010
Steven Jackson
53.8%
2010
Larry Fitzgerald
53.8%
2010
Reggie Wayne
53.8%
2002
Marvin Harrison
46.2%
2007
Chad Ochocinco
46.2%
Year
Player
% Correct
2007
Marvin Harrison
46.2%
2009
DeAngelo Williams
46.2%
2009
Maurice Jones-Drew
46.2%
2010
Maurice Jones-Drew
46.2%
2010
DeAngelo Williams
46.2%
2003
Rich Gannon
38.5%
2004
Jamal Lewis
38.5%
2004
Stephen Davis
38.5%
2005*
Jamal Lewis
38.5%
2005*
Terrence McGee
38.5%
2006
Rudi Johnson
38.5%
2007
Joseph Addai
38.5%
2007
Reggie Bush
38.5%
2007
Rudi Johnson
38.5%
2008
Joseph Addai
38.5%
2009
Calvin Johnson
38.5%
2010
Shonn Greene
38.5%
2003
Deuce McAllister
30.8%
2004
Deuce McAllister
30.8%
2004
Daunte Culpepper
30.8%
2005*
Daunte Culpepper
30.8%
2005*
Deuce McAllister
30.8%
2005*
Roy E. Williams
30.8%
2006
LaMont Jordan
30.8%
2006
Tiki Barber
30.8%
2006
Ronnie Brown
30.8%
2006
Steve Smith [Panthers]
30.8%
2008
Marion Barber
30.8%
2010
Matt Schaub
30.8%
2002
Ahman Green
23.1%
2004
Ahman Green
23.1%
2004
Edgerrin James
23.1%
2006
Edgerrin James
23.1%
2010
Pierre Thomas
23.1%
2002
Drew Bledsoe
15.4%
2004
Matt Hasselbeck
15.4%
2006
Carnell Williams
15.4%
2007
Travis Henry
15.4%
2007
Laurence Maroney
15.4%
2007
Carnell Williams
15.4%
Quiz Playlist
Details
Report
Send in Message
Add To Playlist
More Info:
*The first round in 2005 represents the Keepers from 2004. Must enter both first and last names.
Classic:
Type in answers that appear in a list
Quiz Source
Last Updated: Feb 16, 2017
Quiz Scoreboard
CHALLENGE
Sign Up to Join the Scoreboard
Show All
Scores
Hide
Comments
May contain spoilers
Recently Published
An Introduction to Baseball
by treessimontrees
Sports
5m
Movies - When Are They Set?
by FPL_Elf
Movies
5m
Popular People in 1961
by mucciniale
History
6m
More to Explore
Quiz From the Vault
Featured Blog Post
Where Did the Easter Bunny Come From?
hide this ad
You Might Also Like...
Tags
Draft
first
Player
round
team
Today's Top Quizzes in Sports
Browse Sports
hide this ad
Today's Top Quizzes in first
Browse first
Top Contributed Quizzes in Sports
1
Les meilleurs buteurs des matchs entre le PSG et l’OM
2
2022 World Cup Stars
3
FIFA Club World Cup Champions
4
Les entraîneurs de l'OM et du PSG au 21e siècle
5
Name the Premier League winners with different clubs
6
La finale Lions - Afrique du Sud 2021
7
Criteria MLB: Left Handed Sluggers
8
Les joueurs passés par le LOSC et le RC Lens
9
Players with Multiple 50 Home Run Seasons
10
MLB Players with Two .350 Batting Average Seasons
Explore More
Trending Topics
Anime
Disney
NBA
Marvel
Crossword
Harry Potter
Kpop
Song
WWE
The Office
Country
Puzzle
Pokémon
NFL
Soccer
hide this ad
More By:
jkalny29
Quiz
Plays
Rating
Category
Featured
Created
Top 199 Scorers in BYOM 2009
15
Sports
Nov 5, 2010
BYOM First Round Draft Picks
13
5.00
Sports
Nov 4, 2010
BYOM Playoff Seedings
4
Sports
Nov 4, 2010
Go to Creator's Profile
Score Distribution
Quiz Creator Spotlight
jkalny29
Follow
Send a Message
Quizzes Created
-
Created Quiz Play Count
-
More By This Creator
Popular Quizzes Today
1
Find the Countries of Europe - No Outlines Minefield
2
Find the US States - No Outlines Minefield
3
The Countries of the World
4
Popular People in 1961
5
US States
6
1-10 Letter E Words III
7
Find the US States
8
Risky Map Clicking: Biggest States A-Z
More Sports Quizzes
Every Le Mans Winner
Editor's Pick
Trending Quizzes
Risky Map Clicking: Least Populous States A-Z
1-10 Letter F Words
1-10 Letter G Words
One Thing in Common: United Kingdom
Risky Map Clicking: Next State Alphabetically
Recently Updated
Leaping Animals
pecheneg
Reality TV Shows (A-Z)
bhenderson79
Rickey Henderson's Hall of Fame Teammates
pecheneg
Champions League XIs: Arsenal
pecheneg
Quick Pick: Celebrities in WWE's Hall of Fame
aduchscher
A-Z Keypad Blitz II
pecheneg
Multiple Oscar Actors
pecheneg
Mystery Phrase Blitz: Oscar 'Best Actors'
pecheneg
F. Scott Fitzgerald Novels
LTH
Pick 3 Villains
ddd62291
Trending Topics
Harry Potter
Crossword
NBA
Marvel
Anime
Disney
Kpop
The Office
Country
WWE
Puzzle
NFL
Pokémon
Song
Soccer
Your Account Isn't Verified!
In order to create a playlist on Sporcle, you need to verify the email address you used during registration. Go to your
Sporcle Settings
to finish the process.
Report this User
Report this user for behavior that violates our
Community Guidelines
.
Details:
Send Report
Go to the Sporcle.com Mobile Site →
Comments